| 000 | 01740cam a2200349 a 4500 | ||
|---|---|---|---|
| 001 | 13409707 | ||
| 003 | OSt | ||
| 005 | 20131104183453.0 | ||
| 008 | 030915s2003 ug l 000 0 eng | ||
| 010 | _a 2003406410 | ||
| 035 | _a(DLC) 2003406410 | ||
| 040 |
_aDLC _cDLC _dDLC |
||
| 042 | _alcode | ||
| 043 | _af-ug--- | ||
| 050 | 0 | 0 |
_aKTW230 _b.A28 2003 |
| 082 |
_221 ed. _a346 _bKAL |
||
| 110 | 1 |
_aUganda. _9554 |
|
| 245 | 1 | 0 |
_aKALR's local government practice legislation of Uganda : _blegislation as at 31st May 2003 / _cedited by Ladislaus Kiiza Rwakafuuzi. |
| 246 | 3 | _aLocal government practice legislation of Uganda | |
| 260 |
_aKampala : _bKALR, _c[2003] |
||
| 300 |
_a1 v. (various pagings) ; _c27 cm. |
||
| 500 | _aCaption title. | ||
| 505 | 0 | _aThe Local Government Act, 1997 -- The Building Rules -- The Building Rules (Building) Exemption -- The Local Government Financial & Accounting Regulations, 1998 -- Government Standing Orders : Urban Authorities -- The Urban Authorities Rules -- The Drainage & Sanitation Rules -- The Public Health Act -- The Public Health (School Buildings) Rules -- Government Standing Orders : District Administrations -- The Education Act, 1970 -- The Local Government (Rating) Decree, 1979 -- The Trade (Licensing) Act, 1969 -- The Market Act -- The Resistance Committees (Judicial Powers) Statute, 1988. | |
| 650 | 0 |
_aLocal government _xLaw and legislation _zUganda. _92001 |
|
| 650 | 0 |
_aTrade regulation _zUganda. _92002 |
|
| 650 | 0 |
_aEducational law and legislation _zUganda. _92003 |
|
| 700 | 1 |
_aRwakafuuzi, Ladislaus Kiiza. _91996 |
|
| 710 | 2 |
_aKampala Law Reports (Firm) _91997 |
|
| 906 |
_a7 _bcbc _corigode _d2 _encip _f20 _gy-gencatlg |
||
| 942 |
_2ddc _cBK |
||
| 999 |
_c731 _d731 |
||